Quizzes
Events
Quiz Creation
Community
Videos
Private Events
Remove Ads
Sign In
Join for FREE
Feedback
Dark Mode
Quiz Categories
Sports
Geography
Music
Movies
Television
Just For Fun
Miscellaneous
History
Literature
Language
Science
Gaming
Entertainment
Religion
Holiday
For Kids
Quiz Lab
Recent
Popular Today
Quiz Kudos Today
Editor Picks
Curator Picks
Quizzes by...
Day
Popularity
Type
Ratings
Length
Year
Community
Subscriptions
Recent Discussions
Orange Saloon
Badges
Playlists
Quests
Create
Leaderboards
Showdown
Live 5
Trivia Bingo
Activity
Puzzle Library
Sporcle Events
Private Events
Virtual Trivia
Globe League
Become a Host
Pub Owners
SporcleCon
Opinionation
Our Games
Videos
Blog
Mobile Apps
Partnerships
Remove Ads and Go Orange
Feedback
Television
TV Characters
TV Show
Sitcom
Network
Friends
Reality Shows
Cast
South Park
Star Trek
The Simpsons
Doctor Who
Television
TV Characters
TV Show
Sitcom
Network
Friends
Reality Shows
Cast
South Park
Star Trek
The Simpsons
Doctor Who
Random Quiz
Search Sporcle
×
Quiz Lab
Quiz Lab
Television
Game of Thrones
Select answers by clicking on text or image buttons
Select answers by clicking on text or image buttons
Clickable
Best Score? Go Orange.
Game of Thrones Deaths 8-to-1 Stats
Can you match the characters to their mode of death? **Spoilers through Season 6!**
By
BigKitten
8m
36 Questions
1,790 Plays
1,790 Plays
1,790 Plays
Comments
Comments
Give Quiz Kudos
Give Quiz Kudos
-
- Ratings
hide this ad
Forced Order
Answers have to be entered in order
Answers have to be entered in order
Replay
Link that replays current quiz
Next Quiz
Link to next quiz in quiz playlist
You Got
0%
They Got
Avg Score
82%
Avg Friend Score
Upgrade to see
Score Distribution
Jump to the score distribution portion of the page
Score
0/36
Timer
08:00
0
Plays Today
% Correct
High Sparrow
94.2%
Margaery Tyrell
92.3%
Shireen Baratheon
92.1%
Loras Tyrell
92.1%
Mace Tyrell
90.8%
Eddard Stark
90.2%
Ygritte
89.8%
Tywin Lannister
89.2%
Rickon Stark
88.3%
Tommen Baratheon
87.6%
Joffrey Baratheon
87.4%
Robb Stark
87%
Lysa Arryn
86.2%
Mance Rayder
85.9%
Mirri Maz Duur
84.9%
Ramsay Bolton
84%
Maester Aemon
84%
Myrcella Baratheon
83.9%
% Correct
Balon Greyjoy
83.7%
Robert Baratheon
82.5%
Ros
81.8%
Wun Wun
81.6%
Rickard Karstark
81.4%
Jeor Mormont
80.6%
Rodrik Cassel
79.8%
Renly Baratheon
78.8%
Aerys Targaryen
77.8%
Maester Pycelle
77.8%
Janos Slynt
77.7%
Matthos Seaworth
77.2%
Pyat Pree
77%
Doran Martell
76.8%
Myranda
75.3%
Pyp
72%
Mossador
66.4%
Jon Arryn
65.9%
Quiz Playlist
Details
Report
Send in Message
Add To Playlist
Clickable:
Select answers by clicking on text or image buttons
Forced Order:
Answers have to be entered in order
Last Updated: Sep 3, 2017
Quiz Scoreboard
CHALLENGE
Sign Up to Join the Scoreboard
Show All
Scores
Hide
Comments
May contain spoilers
Recently Published
An Introduction to Baseball
by treessimontrees
Sports
5m
Movies - When Are They Set?
by FPL_Elf
Movies
5m
Popular People in 1961
by mucciniale
History
6m
More to Explore
Quiz From the Vault
Featured Blog Post
Where Did the Easter Bunny Come From?
hide this ad
You Might Also Like...
Tags
death
Game of Thrones
Today's Top Quizzes in Television
Browse Television
hide this ad
Today's Top Quizzes in Game of Thrones
Browse Game of Thrones
Top Contributed Quizzes in Television
1
One Piece Logic Puzzle
2
Survivor Logic Puzzle: Heroes vs. Villains
3
Survivor Seasons
4
Survivor Season by Logo
5
5-to-1: The Simpsons Families
6
Survivor Trivia
7
One Thing in Common: Television
8
Who Wants to Be a Millionaire?
9
Survivor Logic Puzzle: Winners at War
10
Ultimate Survivor Logic Puzzle
Explore More
Trending Topics
NBA
Harry Potter
Anime
Marvel
Crossword
Kpop
Disney
NFL
Song
Soccer
The Office
Country
Pokémon
Puzzle
WWE
hide this ad
More By:
BigKitten
Quiz
Plays
Rating
Category
Featured
Created
Battles 8-to-1
4,205
4.50
History
May 11, 2017
To the Victor!
2,581
4.48
History
Feb 21, 2017
Game of Thrones Deaths 8-to-1
1,790
4.70
Television
May 26, 2017
'Great' Monarchs
1,102
4.86
History
Nov 9, 2022
War/Treaty Match Up
811
4.75
History
Nov 18, 2014
Go to Creator's Profile
Score Distribution
Quiz Creator Spotlight
BigKitten
Follow
Send a Message
Quizzes Created
-
Created Quiz Play Count
-
More By This Creator
Popular Quizzes Today
1
Find the Countries of Europe - No Outlines Minefield
2
Find the US States - No Outlines Minefield
3
The Countries of the World
4
Popular People in 1961
5
US States
6
Find the US States
7
1-10 Letter E Words III
8
Risky Map Clicking: Biggest States A-Z
More Television Quizzes
Five Decade TV Show Medley VIII
Quiz Lab
Trending Quizzes
Risky Map Clicking: Least Populous States A-Z
1-10 Letter F Words
1-10 Letter G Words
One Thing in Common: United Kingdom
Risky Map Clicking: Next State Alphabetically
Recently Updated
Leaping Animals
pecheneg
Reality TV Shows (A-Z)
bhenderson79
Rickey Henderson's Hall of Fame Teammates
pecheneg
Champions League XIs: Arsenal
pecheneg
Quick Pick: Celebrities in WWE's Hall of Fame
aduchscher
A-Z Keypad Blitz II
pecheneg
Multiple Oscar Actors
pecheneg
Mystery Phrase Blitz: Oscar 'Best Actors'
pecheneg
F. Scott Fitzgerald Novels
LTH
Pick 3 Villains
ddd62291
Trending Topics
Marvel
Crossword
Harry Potter
Anime
Kpop
Disney
NBA
Song
Country
Pokémon
The Office
Puzzle
NFL
Soccer
WWE
Your Account Isn't Verified!
In order to create a playlist on Sporcle, you need to verify the email address you used during registration. Go to your
Sporcle Settings
to finish the process.
Report this User
Report this user for behavior that violates our
Community Guidelines
.
Details:
Send Report
Go to the Sporcle.com Mobile Site →
Comments